Matemática: exercícios resolvidos

Saved in:
Bibliographic Details
Main Author: Marques, Maria Estefânia de Almeida
Other Authors: Santos, Maria de Almeida Ferreira dos
Format: Unknown
Language:Portuguese
Published: Porto Porto Editora 1987-
Textbook Catalogue:MANES:  Library Catalog Search Result
Textbook Classification:
Tags: Add Tag
No Tags, Be the first to tag this record!
Added to:2016-04-26
Changed in:2025-04-25

MARC

LEADER 000000000a22000000004500
001 27134
003 OSt
005 20250425111425.0
008 160427s pt ||||| |||| 00| 0 por d
040 |c centro_manes 
041 1 |a por 
100 1 |a Marques, Maria Estefânia de Almeida  |9 15482 
245 0 0 |a Matemática: exercícios resolvidos 
260 3 |a Porto  |b Porto Editora  |c 1987- 
300 |a v.;  |c 24 cm 
500 |a 1º v. : 264 p. 
561 |5 pt-BNP  |a Portugal. Biblioteca Nacional de Portugal  |k MANES 
690 0 |a MATE 
691 |a SE 
700 1 |a Santos, Maria de Almeida Ferreira dos  |9 15483 
942 |2 ddc  |c BK 
546 |a Portugal 
999 |c 28596  |d 28596 
999 |c manes:28596  |d 28596